000 00748nam a2200205Ia 4500
005 20250923144622.0
008 008 250917s9999 xx 000 0 eng d
037 _aTextual
040 _aDSWL
_beng
_cDSWL
041 _aeng
_2eng
084 _aX9J:322.236.N54, J8
_qDSWL
100 _aDesai, M.B.
_9826686
245 0 _aReport an enquiry into the working of the Bombay tenancy and agricultural lands act, 1948 ( Amended upto 1953 in Gujarat (excluding Baroda ditrict)
_cby M.B. Desai
260 _aBombay
_b Indian Society of Agricultural Economics, Mahatma Gandhi Road
_c1958
300 _aviii,96p.
365 _aINR
_b4
925 _g4
942 _cTEXL
_hX9J:322.236.N54, J8
999 _c1441231
_d1441231